[Event "OLNW 1819 HSK Lister Turm - Hamelner SV"]
[Site "?"]
[Date "2019.04.07"]
[Round "9.1"]
[White "van Son, Lutz"]
[Black "Buchenau, Frank"]
[Result "0-1"]
[WhiteElo "2150"]
[BlackElo "2288"]
[PlyCount "90"]
[EventDate "2019.??.??"]

1. e4 e6 2. d4 d5 3. e5 c5 4. c3 Qb6 5. Nf3 Bd7 6. a3 Bb5 7. c4 Bxc4 8. Bxc4
dxc4 9. d5 Qb3 10. Qxb3 cxb3 11. dxe6 fxe6 12. Nbd2 Ne7 13. Nxb3 Nd5 14. Ng5
Kd7 15. Ne4 b6 16. O-O Nc6 17. f4 Be7 18. Bd2 c4 19. Nc1 Nd4 20. Na2 Rhf8 21.
Rad1 Kc7 22. Nac3 Nxc3 23. Nxc3 Rad8 24. g3 g5 25. Kg2 Nf5 26. Bc1 g4 27. Rfe1
Kc6 28. Kf1 b5 29. Ke2 Nd4+ 30. Kf2 Nf3 31. Rxd8 Rxd8 32. Rh1 Bc5+ 33. Kg2 a5
34. h3 h5 35. hxg4 hxg4 36. Rh6 b4 37. axb4 axb4 38. Ne4 Rd1 39. Nxc5 Kxc5 40.
Be3+ Kd5 41. Rg6 c3 42. bxc3 b3 43. Rxg4 b2 44. Kxf3 b1=Q 45. c4+ Kc6 0-1

[Event "OLNW 1819 HSK Lister Turm - Hamelner SV"]
[Site "?"]
[Date "2019.04.07"]
[Round "9.2"]
[White "Polster, Christian"]
[Black "Renner, Kai"]
[Result "1/2-1/2"]
[WhiteElo "2237"]
[BlackElo "2199"]
[PlyCount "44"]
[EventDate "2019.??.??"]

1. e4 c5 2. Nf3 e6 3. d4 cxd4 4. Nxd4 a6 5. Bd3 Nf6 6. O-O Qc7 7. Qe2 d6 8. c4
g6 9. Nc3 Bg7 10. Rd1 O-O 11. Nf3 Nc6 12. Bf4 e5 13. Bg5 Bg4 14. Be3 Nd4 15.
Bxd4 exd4 16. Nd5 Nxd5 17. cxd5 Qb6 18. Rab1 Rac8 19. h3 Bxf3 20. Qxf3 Rc5 21.
Qf4 Rfc8 22. Qd2 Qd8 1/2-1/2

[Event "OLNW 1819 HSK Lister Turm - Hamelner SV"]
[Site "?"]
[Date "2019.04.07"]
[Round "9.3"]
[White "Schmidt, Dennis"]
[Black "Hoerstmann, Rudi"]
[Result "1/2-1/2"]
[WhiteElo "2053"]
[BlackElo "2225"]
[PlyCount "88"]
[EventDate "2019.??.??"]

1. e4 g6 2. d4 Bg7 3. Nc3 d6 4. f4 Nf6 5. Nf3 O-O 6. Be3 b6 7. e5 Ng4 8. Bg1
Na6 9. Bc4 c5 10. Qe2 cxd4 11. Bxd4 Nc5 12. O-O-O Bb7 13. h3 Nh6 14. g4 Rc8 15.
Rhe1 a6 16. e6 Nxe6 17. Bxe6 Bxf3 18. Qxf3 fxe6 19. Rxe6 Bxd4 20. Rxd4 Kg7 21.
Qe3 Ng8 22. Nd5 Rf7 23. Rde4 Kf8 24. Qd4 Rc5 25. c3 b5 26. Ne3 Nf6 27. f5 g5
28. b4 Rc6 29. Nd5 Rc4 30. Qd3 Nxe4 31. Rxe4 Rxe4 32. Qxe4 Qc8 33. Qd4 Kg8 34.
Qe3 Qf8 35. Qxg5+ Qg7 36. Qd2 Qe5 37. Nf4 Rf8 38. Ne6 Rc8 39. Kb2 h6 40. Nd4
Kh7 41. Qd3 Kg7 42. Qf3 Qe1 43. f6+ Kf7 44. fxe7+ Ke8 1/2-1/2

[Event "OLNW 1819 HSK Lister Turm - Hamelner SV"]
[Site "?"]
[Date "2019.04.07"]
[Round "9.4"]
[White "Hoerstmann, Martin"]
[Black "Gerstmann, Frank"]
[Result "1-0"]
[WhiteElo "2240"]
[BlackElo "2120"]
[PlyCount "75"]
[EventDate "2019.??.??"]

1. d4 Nf6 2. c4 g6 3. Nc3 Bg7 4. e4 d6 5. Nf3 O-O 6. Be2 e5 7. Be3 Ng4 8. Bg5
f6 9. Bh4 exd4 10. Nxd4 Ne5 11. f4 Nec6 12. Nf3 Qe8 13. O-O f5 14. Nd5 Na6 15.
exf5 Bxf5 16. Qd2 Qd7 17. b4 Nd8 18. Rad1 Kh8 19. a3 Ne6 20. c5 dxc5 21. Ne5
Qe8 22. Rfe1 c6 23. Ne7 Rd8 24. N7xg6+ hxg6 25. Bxd8 Qxd8 26. Qxd8 Nxd8 27.
Rxd8 Rxd8 28. Nf7+ Kg8 29. Nxd8 Bd4+ 30. Kf1 cxb4 31. Nxb7 Nc7 32. axb4 Bc3 33.
Rc1 Bxb4 34. Rxc6 Ne8 35. Ra6 Be4 36. Rxa7 Bd2 37. Bc4+ Kf8 38. Nc5 1-0

[Event "OLNW 1819 HSK Lister Turm - Hamelner SV"]
[Site "?"]
[Date "2019.04.07"]
[Round "9.5"]
[White "Koch, Yannick"]
[Black "Hampel, Felix"]
[Result "1/2-1/2"]
[WhiteElo "2105"]
[BlackElo "2275"]
[PlyCount "103"]
[EventDate "2019.??.??"]

1. d4 d5 2. c4 c6 3. Nf3 Nf6 4. Nc3 dxc4 5. a4 Bf5 6. e3 e6 7. Bxc4 Bb4 8. O-O
O-O 9. Qe2 Nbd7 10. e4 Bg4 11. e5 Nd5 12. Nxd5 cxd5 13. Bd3 Rc8 14. Bf4 Nb6 15.
Rfc1 Qe7 16. a5 Rxc1+ 17. Rxc1 Nc4 18. Bxc4 dxc4 19. Rxc4 Bxa5 20. h3 Bh5 21.
Qe3 Qd7 22. Ng5 b5 23. Rc2 Rd8 24. Ne4 Bg6 25. Rc1 Qd5 26. Nd6 Bb6 27. Rd1 h6
28. Qc3 a5 29. Nc8 Bc5 30. Nd6 Bb4 31. Qc7 Rf8 32. h4 Qb3 33. Qc1 Bc2 34. Rf1
Bd3 35. Bxh6 Bxd6 36. exd6 gxh6 37. Qxh6 Qd5 38. Re1 Bg6 39. Re3 Qxd4 40. Rg3
Qh8 41. Qg5 Kh7 42. h5 Bf5 43. Qe7 Qd4 44. Qxf8 Qd1+ 45. Kh2 Qxh5+ 46. Rh3 Bxh3
47. gxh3 Qe5+ 48. Kg1 Qg5+ 49. Kh2 Qe5+ 50. Kg2 Qg5+ 51. Kf3 Qf5+ 52. Kg2
1/2-1/2

[Event "OLNW 1819 HSK Lister Turm - Hamelner SV"]
[Site "?"]
[Date "2019.04.07"]
[Round "9.6"]
[White "Virag, Attila Aba"]
[Black "Belov, Igor"]
[Result "1-0"]
[WhiteElo "2271"]
[BlackElo "2055"]
[PlyCount "34"]
[EventDate "2019.??.??"]

1. e4 d6 2. d4 Nf6 3. Nc3 g6 4. f3 c6 5. Be3 b5 6. Qd2 h5 7. Nge2 a6 8. Nf4
Nbd7 9. O-O-O Qc7 10. Nd3 Bb7 11. Kb1 e6 12. Bg5 d5 13. e5 Ng8 14. g4 c5 15.
Ne2 c4 16. Ndf4 hxg4 17. fxg4 b4 1-0

[Event "OLNW 1819 HSK Lister Turm - Hamelner SV"]
[Site "?"]
[Date "2019.04.07"]
[Round "9.7"]
[White "Jacobi, Felix-Hagen"]
[Black "Gentemann, Moritz"]
[Result "1-0"]
[WhiteElo "2085"]
[BlackElo "2190"]
[PlyCount "127"]
[EventDate "2019.??.??"]

1. e4 c5 2. f4 d5 3. exd5 Nf6 4. Bb5+ Bd7 5. Bxd7+ Qxd7 6. c4 e6 7. Qe2 Bd6 8.
Nc3 O-O 9. dxe6 fxe6 10. d3 Nc6 11. Nf3 e5 12. Ne4 exf4 13. Bd2 Rae8 14. O-O-O
Nxe4 15. dxe4 Nd4 16. Qd3 Rd8 17. Bc3 Qf7 18. Rhe1 Be7 19. Qf1 b5 20. b3 Nxf3
21. gxf3 b4 22. Bb2 Bh4 23. Re2 Bf6 24. e5 Be7 25. e6 Qe8 26. Rd5 Qc6 27. Qg1
g6 28. Qd1 Rde8 29. Qd3 Bf6 30. Rd6 Bxb2+ 31. Kxb2 Qc8 32. Rd7 Rf5 33. Qd6 Qb8
34. Rc7 Qd8 35. Qxd8 Rxd8 36. Rxa7 Re8 37. a3 bxa3+ 38. Kxa3 g5 39. b4 cxb4+
40. Kxb4 h5 41. h3 g4 42. hxg4 hxg4 43. fxg4 Rf6 44. Ra6 Kg7 45. Kc5 Kg6 46.
Kd5 Kg5 47. Ke5 Rff8 48. Rg2 f3 49. Rg1 f2 50. Rf1 Kxg4 51. c5 Kg3 52. Ra2 Rf3
53. Re2 Rc3 54. Kd6 Rd8+ 55. Kc7 Rd5 56. c6 Rdc5 57. Rfxf2 Rxc6+ 58. Kd7 Rc7+
59. Ke8 Ra3 60. e7 Raa7 61. Rf6 Ra8+ 62. Kf7 Kg4 63. Rg2+ Kh5 64. Rf1 1-0

[Event "OLNW 1819 HSK Lister Turm - Hamelner SV"]
[Site "?"]
[Date "2019.04.07"]
[Round "9.8"]
[White "Wolter, Jens"]
[Black "Reichelt, Ole"]
[Result "1-0"]
[WhiteElo "2129"]
[BlackElo "1839"]
[PlyCount "85"]
[EventDate "2019.??.??"]

1. e4 e6 2. d4 d5 3. e5 c5 4. c3 Qb6 5. Nf3 Nc6 6. a3 c4 7. g3 Na5 8. Nbd2 Bd7
9. h4 Nb3 10. Nxb3 Ba4 11. Nfd2 Qb5 12. Be2 Ne7 13. O-O Nc6 14. Qe1 Bxb3 15.
Nxb3 Qxb3 16. Bd1 Qb6 17. Qe2 O-O-O 18. Qh5 Rd7 19. Qg4 h6 20. h5 Na5 21. Bc2
Nb3 22. Rb1 Rd8 23. Be3 a5 24. f4 Kb8 25. f5 exf5 26. Qxf5 f6 27. Qg6 Qe6 28.
Bf4 Ka8 29. Bf5 Qe8 30. Rbe1 Qxg6 31. Bxg6 Be7 32. exf6 Bxf6 33. Be5 Bxe5 34.
dxe5 Nd2 35. Rf2 Ne4 36. Bxe4 dxe4 37. Rxe4 Rd7 38. Rxc4 Rd3 39. Rg4 Re8 40.
Re2 Re7 41. Kf2 Kb8 42. Rd4 Rf7+ 43. Kg2 1-0

[Event "OLNW 1819 MTV Tostedt - SK Union Oldenb"]
[Site "?"]
[Date "2019.04.07"]
[Round "9.1"]
[White "Mueer, Sebastian"]
[Black "Bokros, Albert"]
[Result "0-1"]
[WhiteElo "2213"]
[BlackElo "2466"]
[PlyCount "62"]
[EventDate "2019.??.??"]

1. d4 e6 2. Bf4 Nf6 3. e3 b6 4. Nf3 Bb7 5. Bd3 Be7 6. h3 c5 7. O-O O-O 8. Nbd2
d6 9. c3 Nbd7 10. Qe2 cxd4 11. exd4 a6 12. a4 Re8 13. Rfe1 Nf8 14. Bh2 Ng6 15.
c4 d5 16. b3 Bb4 17. Red1 Rc8 18. Rac1 dxc4 19. Bxc4 Nd5 20. Bxa6 Ngf4 21. Qf1
Rxc1 22. Rxc1 Bxd2 23. Nxd2 Bxa6 24. Qxa6 Qg5 25. Bg3 h5 26. Rc8 Ne2+ 27. Kh2
Qxd2 28. Rxe8+ Kh7 29. f3 Qe3 30. h4 Qg1+ 31. Kh3 Qh1+ 0-1

[Event "OLNW 1819 MTV Tostedt - SK Union Oldenb"]
[Site "?"]
[Date "2019.04.07"]
[Round "9.2"]
[White "Varga, Zoltan"]
[Black "Wittje, Berthold"]
[Result "1-0"]
[WhiteElo "2451"]
[BlackElo "2227"]
[PlyCount "127"]
[EventDate "2019.??.??"]

1. e4 Nf6 2. e5 Nd5 3. d4 d6 4. Nf3 Bg4 5. Be2 c6 6. exd6 exd6 7. O-O Be7 8. h3
Bh5 9. Re1 O-O 10. c3 Nd7 11. Bf1 Re8 12. Nbd2 Bf8 13. Ne4 Bg6 14. Ng3 Rxe1 15.
Qxe1 Qe7 16. Bg5 f6 17. Bd2 Qxe1 18. Nxe1 Re8 19. c4 Nc7 20. f4 d5 21. c5 Bf7
22. Rc1 Ne6 23. Nf3 g6 24. f5 Ng7 25. Bd3 g5 26. Kf2 Be7 27. Ne2 Bd8 28. b4 a6
29. a4 Bc7 30. Ra1 Ra8 31. Nc1 Nh5 32. Ne2 Ng7 33. g4 h5 34. Nc1 Be8 35. Nb3
Nf8 36. Ng1 Bd7 37. Ne2 Kf7 38. Nc3 Kg8 39. Be2 hxg4 40. hxg4 Ne8 41. Bf3 Kg7
42. Re1 Bd8 43. Kg2 Rb8 44. b5 axb5 45. axb5 Ra8 46. b6 Ra3 47. Rb1 Be7 48. Bc1
Ra8 49. Bb2 Bd8 50. Re1 Nh7 51. Re2 Nf8 52. Kf1 Nh7 53. Ke1 Nf8 54. Kd2 Nh7 55.
Re1 Kf8 56. Kc2 Kg7 57. Nxd5 cxd5 58. Bxd5 Rb8 59. Na5 Ba4+ 60. Kb1 Kf8 61. Ba3
Be7 62. Rxe7 Kxe7 63. c6+ Kd8 64. Nxb7+ 1-0

[Event "OLNW 1819 MTV Tostedt - SK Union Oldenb"]
[Site "?"]
[Date "2019.04.07"]
[Round "9.3"]
[White "Meessen, Max"]
[Black "Szeberenyi, Adam"]
[Result "1/2-1/2"]
[WhiteElo "2233"]
[BlackElo "2392"]
[PlyCount "121"]
[EventDate "2019.??.??"]

1. c4 e5 2. e3 Nf6 3. Nc3 Bb4 4. Nge2 O-O 5. a3 Be7 6. d4 exd4 7. Qxd4 Nc6 8.
Qd1 Re8 9. Nf4 Bd6 10. Be2 Be5 11. Nfd5 Nxd5 12. cxd5 Nb8 13. O-O d6 14. Bd2 c5
15. dxc6 bxc6 16. Na4 Ba6 17. Bxa6 Nxa6 18. Bc3 Bxc3 19. Nxc3 Nc5 20. Rc1 a5
21. Na4 Nxa4 22. Qxa4 c5 23. Rfd1 Qb6 24. Rd2 Re6 25. Rcd1 g6 26. g3 Rc8 27.
Qc4 Rc6 28. Rc2 Qb7 29. b4 axb4 30. axb4 d5 31. Rxd5 Qxb4 32. Rxc5 Qxc4 33.
R5xc4 Rxc4 34. Rxc4 h5 35. Kg2 Kg7 36. e4 Kf6 37. Kf3 Ra6 38. h4 Ke6 39. Rb4
Ke7 40. Kf4 Ke6 41. Rb5 Ke7 42. Kg5 Ra3 43. Kf4 Ra6 44. f3 Rf6+ 45. Ke3 Ra6 46.
Rb7+ Kf8 47. Rb5 Ke7 48. g4 hxg4 49. fxg4 Ra1 50. h5 gxh5 51. gxh5 Kf6 52. Rd5
Kg7 53. Kf4 Rf1+ 54. Ke5 Kh6 55. Kd6 Re1 56. Re5 f6 57. Re6 Kxh5 58. Ke7 Kg5
59. Rxf6 Rxe4+ 60. Re6 Rxe6+ 61. Kxe6 1/2-1/2

[Event "OLNW 1819 MTV Tostedt - SK Union Oldenb"]
[Site "?"]
[Date "2019.04.07"]
[Round "9.4"]
[White "Nedic, Dusan"]
[Black "Schuette, Marc"]
[Result "1-0"]
[WhiteElo "2304"]
[BlackElo "2055"]
[PlyCount "125"]
[EventDate "2019.??.??"]

1. d4 d5 2. c4 c6 3. Nf3 Nf6 4. e3 e6 5. b3 Nbd7 6. Bd3 Bb4+ 7. Bd2 Bd6 8. Nc3
O-O 9. O-O dxc4 10. bxc4 e5 11. Qc2 Qe7 12. Ng5 h6 13. Nge4 Nxe4 14. Nxe4 Bc7
15. Qb3 b6 16. d5 f5 17. d6 Qf7 18. dxc7 fxe4 19. Bxe4 Nc5 20. Qc2 Nxe4 21.
Qxe4 Bf5 22. Qxc6 Bd3 23. Bb4 Bxf1 24. Bxf8 Rxf8 25. Rxf1 Rc8 26. Rd1 Qxc7 27.
Qe6+ Kh7 28. h3 Qxc4 29. Qxe5 Rc5 30. Qe8 Rc8 31. Qd7 Qc2 32. Rd2 Qb1+ 33. Kh2
Rc1 34. Kg3 Qg6+ 35. Qg4 Rc4 36. Qxg6+ Kxg6 37. Rd6+ Kf5 38. f4 Ke4 39. Re6+
Kd5 40. Re7 Ra4 41. Rxg7 Rxa2 42. Kf3 b5 43. e4+ Kc6 44. f5 Ra3+ 45. Kf4 b4 46.
f6 Ra1 47. Rg3 Rf1+ 48. Rf3 Rxf3+ 49. gxf3 Kd7 50. Ke3 a5 51. Kd3 Ke6 52. e5 b3
53. Kc3 a4 54. Kb2 h5 55. f4 h4 56. f5+ Kf7 57. Kc3 Ke8 58. e6 Kf8 59. f7 Kg7
60. f6+ Kf8 61. Kb2 a3+ 62. Kxa3 b2 63. e7+ 1-0

[Event "OLNW 1819 MTV Tostedt - SK Union Oldenb"]
[Site "?"]
[Date "2019.04.07"]
[Round "9.5"]
[White "Wagner, Jan"]
[Black "Hoegy, Kevin"]
[Result "1-0"]
[WhiteElo "2171"]
[BlackElo "2268"]
[PlyCount "65"]
[EventDate "2019.??.??"]

1. Nf3 Nf6 2. c4 e6 3. g3 d5 4. Bg2 Be7 5. O-O O-O 6. b3 c5 7. e3 Nc6 8. Qe2 b6
9. Bb2 Bb7 10. Rd1 Qc7 11. Nc3 Rad8 12. Rac1 dxc4 13. bxc4 Rd7 14. d4 Rfd8 15.
d5 exd5 16. cxd5 Nxd5 17. Nxd5 Rxd5 18. Rxd5 Rxd5 19. Nh4 Qd7 20. Bxd5 Qxd5 21.
Qc4 Qd7 22. Qa4 b5 23. Qxb5 Bxh4 24. gxh4 Qg4+ 25. Kf1 Qf3 26. Ke1 Bc8 27. Rxc5
Bg4 28. Qd3 h6 29. h3 Nb4 30. Qd8+ Kh7 31. hxg4 Qe4 32. Qd4 Qb1+ 33. Kd2 1-0

[Event "OLNW 1819 MTV Tostedt - SK Union Oldenb"]
[Site "?"]
[Date "2019.04.07"]
[Round "9.6"]
[White "Feist, Mathias"]
[Black "Buerckner, Hartmut"]
[Result "1/2-1/2"]
[WhiteElo "2103"]
[BlackElo "2169"]
[PlyCount "56"]
[EventDate "2019.??.??"]

1. d4 Nf6 2. Nf3 b6 3. g3 Bb7 4. Bg2 c5 5. O-O e6 6. b3 cxd4 7. Nxd4 Bxg2 8.
Kxg2 d5 9. Nd2 Na6 10. Bb2 Rc8 11. c4 Bb4 12. N2f3 O-O 13. a3 Be7 14. cxd5 Qxd5
15. b4 b5 16. Rc1 Ne4 17. Qd3 Nd6 18. Nc6 Rce8 19. Qxd5 exd5 20. Nxe7+ Rxe7 21.
Rc6 Nc4 22. Rxa6 Nxb2 23. Nd4 g6 24. e3 Rc8 25. Nxb5 Rc2 26. Nd4 Rd2 27. Nf3
Rc2 28. Nd4 Rd2 1/2-1/2

[Event "OLNW 1819 MTV Tostedt - SK Union Oldenb"]
[Site "?"]
[Date "2019.04.07"]
[Round "9.7"]
[White "Heinemann, Ernst"]
[Black "Krueger, Robin Kevin"]
[Result "1/2-1/2"]
[WhiteElo "2090"]
[BlackElo "2007"]
[PlyCount "52"]
[EventDate "2019.??.??"]

1. e4 e5 2. Nc3 Nf6 3. f4 d5 4. fxe5 Nxe4 5. Qf3 Nc6 6. Bb5 Nxc3 7. dxc3 Qh4+
8. g3 Qe7 9. Ne2 Bd7 10. Bxc6 Bxc6 11. Nd4 Bd7 12. O-O O-O-O 13. Qxf7 Qxe5 14.
Bf4 Qe7 15. Qxe7 Bxe7 16. Be5 Rhg8 17. Rf7 Bc5 18. Raf1 Rde8 19. Rxg7 Rxg7 20.
Bxg7 Bh3 21. Rf4 Re2 22. b4 Rg2+ 23. Kh1 Rd2 24. Kg1 Rg2+ 25. Kh1 Rd2 26. Kg1
Rg2+ 1/2-1/2

[Event "OLNW 1819 MTV Tostedt - SK Union Oldenb"]
[Site "?"]
[Date "2019.04.07"]
[Round "9.8"]
[White "Thomas, Jeremy"]
[Black "Anirudh, Unni"]
[Result "0-1"]
[WhiteElo "1638"]
[BlackElo "2033"]
[PlyCount "74"]
[EventDate "2019.??.??"]

1. e4 c5 2. Nc3 Nc6 3. Nf3 g6 4. g3 Bg7 5. Bg2 e6 6. d3 Nge7 7. O-O O-O 8. Bd2
d6 9. Qc1 Rb8 10. Bh6 b5 11. Bxg7 Kxg7 12. a3 Qb6 13. h4 h5 14. b3 e5 15. a4 a6
16. axb5 axb5 17. Kh2 f6 18. Ng1 Nd4 19. Nge2 Be6 20. f4 Nec6 21. Bh3 Bxh3 22.
Kxh3 Nb4 23. Nxd4 cxd4 24. Na2 Na6 25. c4 dxc3 26. Nxc3 Nb4 27. Qd2 Qd4 28.
Rfd1 Nc6 29. Nd5 f5 30. Ra6 Rbc8 31. Rc1 fxe4 32. Raxc6 Rxc6 33. Rxc6 Qxd5 34.
Rc7+ Rf7 35. Rxf7+ Kxf7 36. fxe5 e3 37. Qd1 Qxe5 {(Zeit)} 0-1

[Event "OLNW 1819 SK Nordhorn Blanke - Hannover"]
[Site "?"]
[Date "2019.04.07"]
[Round "9.3"]
[White "Meier-Hoffmann, Daniel"]
[Black "Lambrechts, Koen"]
[Result "0-1"]
[WhiteElo "2003"]
[BlackElo "2307"]
[PlyCount "68"]
[EventDate "2019.??.??"]

1. d4 Nf6 2. Nf3 g6 3. Nc3 d5 4. Bf4 Bg7 5. Ne5 c5 6. e3 O-O 7. Be2 Nc6 8. O-O
Be6 9. Nxc6 bxc6 10. Be5 Qa5 11. Qe1 cxd4 12. exd4 Nd7 13. Bxg7 Kxg7 14. b3 c5
15. Nb5 Qxe1 16. Rfxe1 Rfc8 17. dxc5 Rxc5 18. Nd4 Kf6 19. c4 Rb8 20. Nxe6 fxe6
21. Rad1 Ne5 22. f4 Nf7 23. Rb1 Ra5 24. a4 Rb4 25. Bg4 Ra6 26. Be2 Rc6 27. Bf3
Rc5 28. Bg4 Nd8 29. Be2 a5 30. g3 h5 31. Kf2 Nb7 32. Ke3 Nd6 33. Kd4 Rc7 34.
Rec1 Rcb7 0-1

[Event "OLNW 1819 SK Nordhorn Blanke - Hannover"]
[Site "?"]
[Date "2019.04.07"]
[Round "9.4"]
[White "Elgersma, Simon"]
[Black "Adibekian, Roubik"]
[Result "1/2-1/2"]
[WhiteElo "2137"]
[BlackElo "2175"]
[PlyCount "93"]
[EventDate "2019.??.??"]

1. e4 d5 2. exd5 Nf6 3. Nf3 Qxd5 4. d4 Bg4 5. Be2 Nc6 6. c4 Qh5 7. Be3 O-O-O 8.
Nbd2 e6 9. a3 g6 10. h3 Bh6 11. Rg1 Bxe3 12. fxe3 Qh6 13. hxg4 Qxe3 14. Nf1 Qe4
15. N1d2 Qxg4 16. Qb3 Qg3+ 17. Kd1 Qf2 18. Rf1 Qxg2 19. Rg1 Qf2 20. Rf1 Qg3 21.
Kc2 Qf4 22. Rad1 Ng4 23. Kc1 Ne3 24. Ne5 Nxf1 25. Nxc6 Nxd2 26. Nxa7+ Kd7 27.
Rxd2 Ke7 28. Qxb7 Kf6 29. Nc6 Rd7 30. Qb3 Kg7 31. Qc3 f6 32. b4 h5 33. Kb2 h4
34. Rd3 h3 35. Rf3 Qd6 36. d5 exd5 37. Nd4 dxc4 38. Rf4 Qe5 39. Bxc4 Rd6 40.
Rg4 Rh5 41. Bd3 Rxd4 42. Rxd4 h2 43. Rd7+ Kh6 44. Qxe5 Rxe5 45. Rd8 Kg7 46.
Rd7+ Kh6 47. Rd8 1/2-1/2

[Event "OLNW 1819 SK Nordhorn Blanke - Hannover"]
[Site "?"]
[Date "2019.04.07"]
[Round "9.5"]
[White "Usachyi, Vladimir"]
[Black "Plasman, Hans"]
[Result "1/2-1/2"]
[WhiteElo "2121"]
[BlackElo "2110"]
[PlyCount "47"]
[EventDate "2019.??.??"]

1. d4 Nf6 2. c4 e6 3. Nc3 Bb4 4. e3 d5 5. Nf3 O-O 6. Bd3 b6 7. O-O dxc4 8. Bxc4
Ba6 9. Bxa6 Nxa6 10. Qe2 Qc8 11. e4 c5 12. e5 Nd7 13. Ne4 cxd4 14. Neg5 Re8 15.
Nxh7 Kxh7 16. Ng5+ Kg8 17. Qh5 Nf8 18. Qxf7+ Kh8 19. a3 Be7 20. f4 Qd7 21. Qh5+
Kg8 22. Qf7+ Kh8 23. Qh5+ Kg8 24. Qf7+ 1/2-1/2

[Event "OLNW 1819 SK Nordhorn Blanke - Hannover"]
[Site "?"]
[Date "2019.04.07"]
[Round "9.8"]
[White "Bierenbroodspot, Paul"]
[Black "Sanasi, Marcello"]
[Result "1-0"]
[WhiteElo "2109"]
[BlackElo "1630"]
[PlyCount "61"]
[EventDate "2019.??.??"]

1. e4 g6 2. d4 Bg7 3. c3 d6 4. Bd3 c6 5. Ne2 Qc7 6. O-O Nd7 7. Be3 Ngf6 8. f3
O-O 9. Nd2 e5 10. Rc1 Re8 11. Qe1 d5 12. Qh4 Nh5 13. g4 Nf4 14. Bxf4 exf4 15.
g5 f6 16. exd5 cxd5 17. Nxf4 fxg5 18. Qxg5 Nb6 19. Rce1 Rxe1 20. Rxe1 Bd7 21.
Nxd5 Qd6 22. Nxb6 axb6 23. Bc4+ Kh8 24. Qd5 Qxd5 25. Bxd5 Bh6 26. Nc4 Bc6 27.
Bxc6 bxc6 28. a3 b5 29. Ne5 Rf8 30. Kg2 Rf6 31. Ng4 1-0

[Event "OLNW 1819 Delmenhorster SK - SF Hannove"]
[Site "?"]
[Date "2019.04.07"]
[Round "9.1"]
[White "Ackermann, Dennie"]
[Black "Korsus, Bernd"]
[Result "0-1"]
[WhiteElo "2138"]
[BlackElo "2313"]
[PlyCount "72"]
[EventDate "2019.??.??"]

1. d4 Nf6 2. Nc3 d5 3. Bf4 Bf5 4. f3 e6 5. e3 Bd6 6. g4 Bg6 7. h4 h6 8. Bd3
Bxd3 9. Qxd3 a6 10. Nge2 Nc6 11. O-O-O Qd7 12. g5 Nh5 13. Bxd6 Qxd6 14. e4 Nf4
15. Qe3 Nxe2+ 16. Nxe2 dxe4 17. d5 exd5 18. fxe4 O-O-O 19. Rxd5 Qe7 20. Rxd8+
Qxd8 21. Rd1 Qe7 22. Nd4 Qc5 23. Qh3+ Kb8 24. Qf5 Ne5 25. Nb3 Qe3+ 26. Kb1 Re8
27. gxh6 Qxh6 28. h5 Qe3 29. a3 f6 30. Ka2 Rh8 31. Rd5 Qe2 32. Nd4 Qxh5 33.
Rd8+ Ka7 34. Qf2 b6 35. Rd5 Qg4 36. Qe1 Kb7 0-1

[Event "OLNW 1819 Delmenhorster SK - SF Hannove"]
[Site "?"]
[Date "2019.04.07"]
[Round "9.3"]
[White "Pawelzik, Malte"]
[Black "Hoeffer, David"]
[Result "0-1"]
[WhiteElo "2147"]
[BlackElo "2314"]
[PlyCount "80"]
[EventDate "2019.??.??"]

1. e4 g6 2. d4 Bg7 3. Nc3 d6 4. Be3 a6 5. Qd2 b5 6. h4 h5 7. Bd3 Bb7 8. Nh3 Nd7
9. Ne2 Ngf6 10. f3 c5 11. c3 e5 12. a4 c4 13. Bc2 Qe7 14. Ng5 O-O 15. d5 Nc5
16. Kf2 Qc7 17. axb5 axb5 18. Rag1 Ra2 19. Bb1 Ra1 20. Bc2 Rxg1 21. Rxg1 Ra8
22. Nc1 Bc8 23. Qe2 Ra1 24. g3 Ba6 25. Bxc5 Qxc5+ 26. Qe3 Nd7 27. Ne2 Rxg1 28.
Nxg1 Bf6 29. Ne2 Bd8 30. Qxc5 Nxc5 31. Nc1 Bb6 32. Ke1 Bc8 33. b4 cxb3 34. Nxb3
Na4 35. Kd2 Bf2 36. Bd3 Bd7 37. f4 Bxg3 38. fxe5 Bxe5 39. Nd4 b4 40. Nb5 Nxc3
0-1

[Event "OLNW 1819 Delmenhorster SK - SF Hannove"]
[Site "?"]
[Date "2019.04.07"]
[Round "9.4"]
[White "Mossakowski, Florian"]
[Black "Herrmann, Andreas"]
[Result "1-0"]
[WhiteElo "2275"]
[BlackElo "2125"]
[PlyCount "45"]
[EventDate "2019.??.??"]

1. e4 c5 2. Nf3 d6 3. d4 cxd4 4. Nxd4 Nf6 5. Nc3 a6 6. f4 e6 7. Qf3 Qc7 8. Be3
Nbd7 9. g4 h6 10. h4 b5 11. a3 g6 12. g5 hxg5 13. hxg5 Rxh1 14. Qxh1 Nh5 15. f5
Nc5 16. Be2 Ng3 17. Qh7 Nxe2 18. Kxe2 Bb7 19. fxg6 Nxe4 20. Nxe4 Bxe4 21. gxf7+
Qxf7 22. Qxe4 Rc8 23. g6 1-0

[Event "OLNW 1819 Delmenhorster SK - SF Hannove"]
[Site "?"]
[Date "2019.04.07"]
[Round "9.5"]
[White "Ploog, Martin"]
[Black "Hedke, Fred"]
[Result "1-0"]
[WhiteElo "2053"]
[BlackElo "2240"]
[PlyCount "137"]
[EventDate "2019.??.??"]

1. d4 Nf6 2. Bf4 e6 3. Nf3 b6 4. e3 Bb7 5. Nbd2 g6 6. Bd3 Bg7 7. c3 d6 8. e4
O-O 9. h3 Nbd7 10. Be3 Re8 11. O-O Qe7 12. Re1 h6 13. Qb1 Rad8 14. a4 a6 15. b4
Rb8 16. Qc2 Rbc8 17. Qb1 Red8 18. c4 Nh7 19. a5 Rb8 20. axb6 cxb6 21. Ra2 Rdc8
22. Qd1 Nhf8 23. Qe2 d5 24. exd5 exd5 25. Bf4 Qxe2 26. Rxe2 Ra8 27. c5 Ne6 28.
Be3 a5 29. Bb5 Ndf8 30. cxb6 axb4 31. Nb3 Bc6 32. Rxa8 Bxa8 33. Ra2 Rb8 34. Ra6
Bb7 35. Ra7 Bc8 36. Ne5 Rxb6 37. Be8 Ra6 38. Bxf7+ Kh7 39. Rxa6 Bxa6 40. Nxg6
Bc4 41. Nd2 Ba2 42. Ne7 Bf6 43. Nc6 b3 44. Nb4 Kg7 45. Bxe6 Nxe6 46. Nxd5 Bd8
47. Nc3 Ba5 48. Na4 Nc7 49. Nc4 Bb4 50. Bc1 Bb1 51. Bb2 Kf7 52. Nc3 Bc2 53. Ne3
Ke6 54. f3 Bd3 55. Kf2 h5 56. g4 hxg4 57. hxg4 Be7 58. f4 Na6 59. f5+ Kf7 60.
Ned5 Bg5 61. Kf3 Nb8 62. Ne4 Bh6 63. Nf4 Bc2 64. Ne6 Nc6 65. g5 Bf8 66. g6+ Ke8
67. Nxf8 Kxf8 68. f6 Nd8 69. d5 1-0

[Event "OLNW 1819 Delmenhorster SK - SF Hannove"]
[Site "?"]
[Date "2019.04.07"]
[Round "9.7"]
[White "Witthaus, Joerg"]
[Black "Grebener, Soeren"]
[Result "1/2-1/2"]
[WhiteElo "2025"]
[BlackElo "2006"]
[PlyCount "39"]
[EventDate "2019.??.??"]

1. d4 d5 2. Nf3 Nf6 3. c4 c6 4. Nc3 dxc4 5. a4 Bf5 6. Ne5 e6 7. e3 Nbd7 8. Nxc4
Be7 9. Bd3 O-O 10. O-O c5 11. Bxf5 exf5 12. Qf3 cxd4 13. exd4 Qc7 14. Ne3 g6
15. Ned5 Qd8 16. Nxe7+ Qxe7 17. Bg5 Qb4 18. Rfd1 b6 19. Nd5 Qd6 20. Nxf6+
1/2-1/2